000 00501nam a2200145 4500
001 16333
090 _a16333
100 _a20250623 pory50
200 _aJohann Gutenberg
_fMaria Bartolozzi Guaspari
_gMaria Letizia Meacci
_gtrad. Maria de Lourdes, Gian Faroppa
_gil. Gianni Demo
210 _aLisboa
_cDidática Editora
_d[S.D.]
215 _a71[3]p.
_cil.
_d32 cm
225 _aColeção Biográfica
_eas grandes figuras da humanidade:
_h4)
606 _986
_aBiografias
801 _aPT
_bBMA
_gRPC
990 _cLIVROS